Giáo trình phương pháp dạy học đại cương môn tin học

সংরক্ষণ করুন:
গ্রন্থ-পঞ্জীর বিবরন
প্রধান লেখক: Nguyễn, Bá Kim
অন্যান্য লেখক: Lê, Khắc Thành
বিন্যাস: গ্রন্থ
ভাষা:Undetermined
প্রকাশিত: H. ĐHSP 2007
বিষয়গুলি:
অনলাইন ব্যবহার করুন:http://lrc.tdmu.edu.vn/opac/search/detail.asp?aID=2&ID=5458
ট্যাগগুলো: ট্যাগ যুক্ত করুন
কোনো ট্যাগ নেই, প্রথমজন হিসাবে ট্যাগ করুন!
Thư viện lưu trữ: Trung tâm Học liệu Trường Đại học Thủ Dầu Một
LEADER 00728nam a2200205Ia 4500
001 TDMU_5458
008 210410s9999 xx 000 0 und d
082 |a 004.071 
090 |b NG525 
100 |a Nguyễn, Bá Kim 
245 0 |a Giáo trình phương pháp dạy học đại cương môn tin học 
245 0 |c Nguyễn Bá Kim 
260 |a H. 
260 |b ĐHSP 
260 |c 2007 
300 |a 215tr. 
650 |a Tin học đại cương  |x Dạy và học; Phương pháp giảng dạy  |v Công nghệ thông tin 
700 |a Lê, Khắc Thành 
856 |u http://lrc.tdmu.edu.vn/opac/search/detail.asp?aID=2&ID=5458 
980 |a Trung tâm Học liệu Trường Đại học Thủ Dầu Một